| 000 | 00453nam a2200181Ia 4500 | ||
|---|---|---|---|
| 005 | 20250423100314.0 | ||
| 008 | 250422s9999 xx 000 0 und d | ||
| 020 | _a9780195113983 | ||
| 050 | _aTK 5105.5 .Z44/ | ||
| 100 | _aZheng, Youlu | ||
| 245 | 0 | _aNetworks for computer scientists and engineers | |
| 260 | _aNew York | ||
| 260 | _bOxford University Press | ||
| 260 | _c2002 | ||
| 300 | _a575 p | ||
| 650 | _aComputer networks. | ||
| 942 | _cBK | ||
| 999 |
_c32901 _d32901 |
||